Economía de la empresa /
Guardado en:
| Autor Principal: | |
|---|---|
| Otros Autores: | |
| Formato: | Libro |
| Idioma: | Spanish |
| Publicado: |
Buenos Aires :
Amorrortu,
1973.
|
| Materias: | |
| Etiquetas: |
Agregar Etiqueta
Sin Etiquetas, Sea el primero en etiquetar este registro!
|
| LEADER | 00697nam a22001935a 4500 | ||
|---|---|---|---|
| 001 | EEO.eeo001127 | ||
| 008 | 071105s1973####ag#####g#b####000#0#spa#d | ||
| 005 | 20130905112115.0 | ||
| 245 | 1 | 0 | |a Economía de la empresa / |c Thomas H. Naylor, John M. Vernon. |
| 260 | |a Buenos Aires : |b Amorrortu, |c 1973. | ||
| 300 | |a 506 p. ; |c 24 cm. | ||
| 504 | |a Incluye referencias bibliográficas. | ||
| 100 | 1 | |a Naylor, Thomas H., |d 1936- | |
| 700 | 1 | |a Vernon, John M. |q (John Mitcham), |d 1937- | |
| 650 | 7 | |a Economía de la empresa. |2 Isoc | |
| 650 | 7 | |a Programación matemática. |2 Isoc | |
| 650 | 7 | |a Modelo dinámico. |2 Isoc | |
| 650 | 7 | |a Modelo estocástico |2 Isoc | |
| 859 | |a AR-BaUEB |b BIB. ECONOMIA - General |h 338.5024 |i N235 |p e04851 | ||
